LEADER 05194oam 2200721I 450 001 9910789562103321 005 20230725031339.0 010 $a1-136-71708-0 010 $a1-283-15092-1 010 $a9786613150929 010 $a1-136-71709-9 010 $a0-203-81572-6 024 7 $a10.4324/9780203815724 035 $a(CKB)2670000000093663 035 $a(EBL)692383 035 $a(OCoLC)730151713 035 $a(SSID)ssj0000523295 035 $a(PQKBManifestationID)12180016 035 $a(PQKBTitleCode)TC0000523295 035 $a(PQKBWorkID)10542689 035 $a(PQKB)11512435 035 $a(MiAaPQ)EBC692383 035 $a(Au-PeEL)EBL692383 035 $a(CaPaEBR)ebr10477476 035 $a(CaONFJC)MIL315092 035 $a(OCoLC)730503152 035 $a(EXLCZ)992670000000093663 100 $a20180706d2011 uy 0 101 0 $aeng 135 $aur|n|---||||| 181 $ctxt 182 $cc 183 $acr 200 00$aHuman rights in the Asia-Pacific region $etowards institution building /$fedited by Hitoshi Nasu and Ben Saul 210 1$aMilton Park, Abingdon, Oxon ;$aNew York, N.Y. :$cRoutledge,$d2011. 215 $a1 online resource (286 p.) 225 1 $aRoutledge research in human rights law 300 $aDescription based upon print version of record. 311 $a0-415-85948-4 311 $a0-415-60254-8 320 $aIncludes bibliographical references and index. 327 $aThe engagement of Asia-Pacific states with the UN Human Rights Committee: reporting and individual petitions / Ivan Shearer and Naomi Hart -- Human rights monitoring institutions and multiculturalism / Nisuke Ando -- Challenges to a human rights mechanism in the Asia-Pacific region: the experience of the universal periodic review of the UN human rights council / Shigeki Sakamoto -- Innovations in institution-building and fresh challenges: the optional protocol to the convention against torture and the convention on the rights of persons with disabilities / Sarah McCosker -- Chinese practice in un treaty monitoring bodies: principled sovereignty and slow appreciation / Wim Muller -- Resistance to regional human rights cooperation in the Asia-Pacific: demythologizing regional exceptionalism by learning from the Americas, Europe, and Africa / Ben Saul, Jacqueline Mowbray and Irene Baghoomians -- Persistent engagement and insistent persuasion: the role of the working group for an asean human rights mechanism in institutionalising human rights in the region / Tan Hsien-Li -- Asean: setting the agenda for the rights of migrant workers? / Susan Kneebone -- Challenges for Asean human rights mechanisms: the case of Lao PDR from a gender perspective / Irene Pietropaoli -- The role of networks in the implementation of human rights in the Asia-Pacific region / Catherine Renshaw -- Human rights commissions in times of trouble and transition: the case of the national human rights commission of Nepal / Andrea Durbach -- Corporate human rights abuses: what role for the national human rights institutions? / Surya Deva -- Rethinking human rights in China: towards a receptor framework / Mimi Zou and Tom Zwart. 330 $a"The Asia-Pacific region is known for having one of the least developed institutional mechanisms for protecting human rights. This edited collection makes a timely and distinctive contribution to contemporary debates about strengthening the institutional protection of human rights in the Asia-Pacific region, in the wake of ASEAN's announcement in 2009 of an ASEAN regional human rights mechanism.Drawing together leading scholarly voices, the book focuses on the systemic issue of institutionalising human rights protection in the Asia-Pacific. It critically examines the prospects for deepening and widening the institutionalization of human rights monitoring in the region, challenging the orthodox scepticism about whether Asia is "ready" for stronger institutions. The volume analyses the impediments to institutions, whilst questioning the need for them. The collection provides a range of perspectives on the issues and many of the chapters bring a variety of interdisciplinary insights to bear. As such, the collection will be of interest to a scholarly and student audience in law, as well as to readers in international relations, political science, Asian studies, and human rights"--$cProvided by publisher. 410 0$aRoutledge research in human rights law. 606 $aHuman rights$zAsia 606 $aHuman rights$zPacific Area 606 $aNational human rights institutions$zAsia 606 $aNational human rights institutions$zPacific Area 615 0$aHuman rights 615 0$aHuman rights 615 0$aNational human rights institutions 615 0$aNational human rights institutions 676 $a341.4/8095 686 $aLAW000000$aLAW013000$aLAW016000$2bisacsh 701 $aNasu$b Hitoshi$0477788 701 $aSaul$b Ben$0601338 801 0$bMiAaPQ 801 1$bMiAaPQ 801 2$bMiAaPQ 906 $aBOOK 912 $a9910789562103321 996 $aHuman rights in the Asia-Pacific region$93690130 997 $aUNINA LEADER 02648oam 2200661I 450 001 9910788696703321 005 20230808211358.0 010 $a1-317-10530-3 010 $a1-315-59234-7 010 $a1-283-62954-2 010 $a9786613941992 010 $a1-4094-5080-5 024 7 $a10.4324/9781315592343 035 $a(CKB)3360000000446040 035 $a(EBL)1035279 035 $a(OCoLC)813285808 035 $a(SSID)ssj0000721105 035 $a(PQKBManifestationID)12279877 035 $a(PQKBTitleCode)TC0000721105 035 $a(PQKBWorkID)10687700 035 $a(PQKB)10224562 035 $a(MiAaPQ)EBC1035279 035 $a(OCoLC)952729811 035 $a(MiAaPQ)EBC4523564 035 $a(EXLCZ)993360000000446040 100 $a20180706e20162012 uy 0 101 0 $aeng 135 $aur|n|---||||| 181 $ctxt 182 $cc 183 $acr 200 10$aLicensing, selling and finance in the pharmaceutical and healthcare industries $ethe commercialization of intellectual property /$fMartin Austin 210 1$aLondon ;$aNew York :$cRoutledge,$d2016. 215 $a1 online resource (191 p.) 300 $a"A Gower book"--Cover. 300 $aFirst published 2012 by Gower Publishing. 311 $a1-4094-5079-1 320 $aIncludes bibliographical references and index. 327 $apt. 1. The challenge -- pt. 2. Models and solutions. 330 $aLicensing, Selling and Finance in the Pharmaceutical and Healthcare Industries is an assessment of the turbulent state of pharmaceutical and biotechnology markets as we enter the second decade of the 21st Century. At the same time, the book offers a cautionary evaluation of the future financing of innovation in terms of what's gone wrong and how to succeed in the future.Martin Austin explores the challenge that the pharmaceutical (and related) industries face in terms of balancing short term, cost containment and expenditure control in areas such as internal research and development; whilst em 606 $aBiotechnology industries 606 $aPharmaceutical industry 606 $aIntellectual property 615 0$aBiotechnology industries. 615 0$aPharmaceutical industry. 615 0$aIntellectual property. 676 $a338.4/76606 676 $a338.476151 676 $a338.476606 676 $a615.10681 700 $aAustin$b Martin.$01558704 801 0$bMiAaPQ 801 1$bMiAaPQ 801 2$bMiAaPQ 906 $aBOOK 912 $a9910788696703321 996 $aLicensing, selling and finance in the pharmaceutical and healthcare industries$93823295 997 $aUNINA